Detalles MARC
| 000 -CABECERA |
| campo de control de longitud fija |
03364nam a2200313 i 4500 |
| 003 - IDENTIFICADOR DEL NÚMERO DE CONTROL |
| campo de control |
DO-SdBNP |
| 005 - FECHA Y HORA DE LA ÚLTIMA TRANSACCIÓN |
| campo de control |
20260305074000.0 |
| 007 - CAMPO FIJO DE DESCRIPCIÓN FÍSICA--INFORMACIÓN GENERAL |
| campo de control de longitud fija |
ta |
| 008 - DATOS DE LONGITUD FIJA--INFORMACIÓN GENERAL |
| campo de control de longitud fija |
250516b2024 dr ao||| |||| 00| 0 spa d |
| 020 ## - NÚMERO INTERNACIONAL ESTÁNDAR DEL LIBRO |
| Número Internacional Estándar del Libro |
9789945251203 |
| 040 ## - FUENTE DE LA CATALOGACIÓN |
| Centro catalogador/agencia de origen |
DO-SdBNP |
| Lengua de catalogación |
spa |
| Centro/agencia transcriptor |
BNPHU |
| Normas de descripción |
rda |
| 041 ## - CÓDIGO DE LENGUA |
| Código de lengua del texto/banda sonora o título independiente |
spa |
| 082 #4 - NÚMERO DE LA CLASIFICACIÓN DECIMAL DEWEY |
| Número de clasificación |
0 |
| Número de documento/Ítem |
G377cen |
| Número de edición |
22 |
| 100 1# - ENTRADA PRINCIPAL--NOMBRE DE PERSONA |
| Nombre de persona |
Gerón, Candido, |
| Fechas asociadas al nombre |
1948- |
| Término indicativo de función/relación |
autor |
| Código de función/relación |
aut. |
| 9 (RLIN) |
3577 |
| 245 10 - MENCIÓN DE TÍTULO |
| Título |
Centenario del maestro Guillo Pérez : |
| Resto del título |
1923-2023 / |
| Mención de responsabilidad, etc. |
Cándido Gerón ; cuidado de edición, Cándido Gerón ; diseño general Alexander Araujo Batista ; imágenes históricas, Archivo General de la Nación. |
| 250 ## - MENCIÓN DE EDICIÓN |
| Mención de edición |
Primera edición |
| 264 #4 - PRODUCCIÓN, PUBLICACIÓN, DISTRIBUCIÓN, FABRICACIÓN Y COPYRIGHT |
| Producción, publicación, distribución, fabricación y copyright |
Santo Domingo : |
| Nombre del de productor, editor, distribuidor, fabricante |
Archivo General de la Nación, |
| Fecha de producción, publicación, distribución, fabricación o copyright |
©2025. |
| 300 ## - DESCRIPCIÓN FÍSICA |
| Extensión |
231 páginas : |
| Otras características físicas |
ilustraciones, fotografías ; |
| Dimensiones |
31 cm. |
| 336 ## - TIPO DE CONTENIDO |
| Término de tipo de contenido |
texto |
| Código de tipo de contenido |
txt |
| Fuente |
rdacontent |
| 337 ## - TIPO DE MEDIO |
| Nombre/término del tipo de medio |
sin mediación |
| Código del tipo de medio |
n |
| Fuente |
rdamedia |
| 338 ## - TIPO DE SOPORTE |
| Nombre/término del tipo de soporte |
volumen |
| Código del tipo de soporte |
nc |
| Fuente |
rdacarrier |
| 490 0# - MENCIÓN DE SERIE |
| Mención de serie |
Archivo General de la Nación ; |
| Designación de volumen o secuencia |
526 |
| 500 ## - NOTA GENERAL |
| Nota general |
Incluye datos biográficos del autor en las solapas |
| 505 ## - NOTA DE CONTENIDO CON FORMATO |
| Nota de contenido con formato |
Introducción, 15.-- Todo lo que hay que saber del arte del maestro Guillo Pérez, 25.-- Centenario del maestro Guillo Pérez : patrimonio histórico dominicano, 57.-- Guillo Pérez sigue siendo el mejor colorista, 67.-- Guillo Pérez y la poesía del color, 73.-- Guillo Pérez y los sentimientos comunes, 81.-- Guillo Pérez, el arte y la autenticidad, 89.-- Permanencia de Guillo Pérez, 93.-- Artículos / Informalismo total y espacialismo absoluto en la nueva obra abstracta de Guillo Pérez. Manuel Valldeperes 1964, 103.-- Guillo Pérez : imagen de su pintura. Francisco Comarazamy 1969, 109.-- Guillo Pérez presenta temas coloniales. María Ugarte 1970, 111.-- Guillo Pérez en busca de su color. Enrique de Marchena y Dujarric 1972, 119.-- Guillo Pérez atenúa su cromatismo en impresiones de tierra santa. Fernando Peña Defilló 1973, 123.-- La hermosa pintura de Guillo Pérez. Marianne de Tolentino 1973, 127.-- Una nueva etapa en la pintura de Guillo Pérez. Danilo Lassose 1974, 131.-- El buey, el ingenio, el picador, la caña : protagonistas de la nueva pintura de Guillo. Ángela Peña 1976, 137.-- Guillo Pérez incorpora la Sociología y la Pintura. Francisco Comarazamy 1976, 143.-- Guillo Pérez, un momento del arte nacional. Marianne de Tolentino 1976, 153.-- El gallo pasa a enriquecer la pintura de Guillo Pérez. Francisco Comarazamy 1980, 161.-- Los gallos de Guillo : tema con magníficos resultados pictóricos. Jeannette Miller 1980, 167.-- La máquina del tiempo en la vida y obra del maestro Guillo Pérez. Ángela Peña 1980, 173.-- Guillo Pérez, pintor de lo nacional y lo universal. Danilo Lassose 1980, 179.-- Guillo Pérez, el gran colorista dominicano. Danilo de los Santos 1990, 189.-- La potencialidad cromática y afectiva en la pintura del maestro Guillo Pérez. Cándido Gerón 1980, 193.-- Una nueva fórmula estética para la pintura latinoamericana. Abil Peralta 1991, 201.-- ¡Oh pero si este Guillo Pérez es un Chaman aeda, cómplice telúrico o aurora!. Tony Raful 1992, 205.-- Guillo Pérez : pintor de la nacionalidad dominicana. Eduardo mercedes, 207.-- Guillo Pérez : 50 años en el arte. Virginia Goris 1995, 213.-- Biografía, 223. |
| 590 ## - NOTA LOCAL (RLIN) |
| Nota local |
Inventariado, 2025 /LP |
| 700 1# - PUNTO DE ACCESO ADICIONAL--NOMBRE DE PERSONA |
| Nombre de persona |
Araujo Batista, Alexander |
| Término indicativo de función/relación |
diseño |
| Código de función/relación |
di. |
| 9 (RLIN) |
87788 |
| 910 ## - DATOS DE OPCIÓN DEL USUARIO (OCLC) |
| Datos de opción del usuario |
LP |
| 942 ## - ELEMENTOS DE PUNTO DE ACCESO ADICIONAL (KOHA) |
| Fuente del sistema de clasificación o colocación |
Dewey Decimal Classification |
| Tipo de ítem Koha |
Libro |